Departamentos de Guatemala - Estadísticas

Estadísticas generales
  • Esta prueba ha sido intentada 2.071 veces
  • La puntuación promedio es 18 de 22
Estadísticas de respuestas
Departamento % Correcto
18 Guatemala
96%
2 Peten
93%
7 Alta Verapaz
89%
8 Baja Verapaz
88%
13 Izabal
84%
14 San Marcos
84%
4 Jalapa
83%
6 Jutiapa
83%
22 Santa Rosa
83%
9 Quiche
82%
12 Huehuetenango
81%
15 Sololá
80%
19 El Progreso
79%
1 Escuintla
78%
5 Zacapa
77%
11 Quetzaltenango
76%
3 Chiquimula
75%
17 Sacatepéquez
73%
21 Totonicapán
73%
20 Suchitepéquez
72%
16 Chimaltenango
70%
10 Retalhuleu
68%
No se encontraron pruebas coincidentes
Distribución de puntuación
Porcentaje de gente con cada puntuación
Porcentaje por número respondido
Historial de tus puntuaciones
No has intentado esta prueba.